A History of the Pakistan Army (Record no. 13697)
[ view plain ]
| 000 -LEADER | |
|---|---|
| fixed length control field | 00377nam a22001457a 4500 |
| 020 ## - INTERNATIONAL STANDARD BOOK NUMBER | |
| ISBN | 0195793749 |
| 082 ## - DEWEY DECIMAL CLASSIFICATION NUMBER | |
| Classification number | 335.0095491 |
| Item number | CLO |
| 100 ## - MAIN ENTRY--AUTHOR NAME | |
| Personal name | Cloughley, Brian |
| 245 ## - TITLE STATEMENT | |
| Title | A History of the Pakistan Army |
| Remainder of title | wars and Insurrections |
| 250 ## - EDITION STATEMENT | |
| Edition statement | 2nd ed. |
| 260 ## - PUBLICATION, DISTRIBUTION, ETC. (IMPRINT) | |
| Place of publication | Karachi |
| Name of publisher | Oxford University Press |
| Year of publication | 2000 |
| 300 ## - PHYSICAL DESCRIPTION | |
| Number of Pages | 435 |
| 650 ## - SUBJECT ADDED ENTRY--TOPICAL TERM | |
| Topical Term | Pakistan |
| -- | History |
| -- | Army |
| 942 ## - ADDED ENTRY ELEMENTS (KOHA) | |
| Koha item type | Books |
| Withdrawn status | Lost status | Collection code | Permanent Location | Current Location | Shelving location | Date acquired | Full call number | Accession Number | Koha item type |
|---|---|---|---|---|---|---|---|---|---|
| | | Pakistan Studies / History | MAJU | MAJU | Shelf No.A30 | 2023-02-03 | 335.0095491 CLO | 10789 | Pakistan Studies |